The Great Wall of India and Other Poems/ (Record no. 196746)

MARC details
000 -LEADER
fixed length control field 00533nam a22001817a 4500
005 - DATE AND TIME OF LATEST TRANSACTION
control field 20230725110944.0
010 ## - LCCN (DPL NO)
LC control number ENG-137573
020 ## - INTERNATIONAL STANDARD BOOK NUMBER
Terms of availability 210.00
International Standard Book Number 9789391091354
035 ## - SYSTEM CONTROL NUMBER
System control number EN-121105
037 ## - SOURCE OF ACQUISITION
Source of stock number/acquisition DBAD/PUB
082 ## - DEWEY DECIMAL CLASSIFICATION NUMBER
Classification number 821
100 ## - MAIN ENTRY--PERSONAL NAME
Personal name Rao, P.G.Rama
245 00 - TITLE STATEMENT
Title The Great Wall of India and Other Poems/
Statement of responsibility, etc by P.G.Rana Rao
260 ## - PUBLICATION, DISTRIBUTION, ETC. (IMPRINT)
Place of publication, distribution, etc Gurugram
Name of publisher, distributor, etc The Poetry Society of India
Date of publication, distribution, etc 2021
270 ## - ADDRESS
Address H-23/16, DLF Phase-I,
City Haryana
Postal code 122002
300 ## - PHYSICAL DESCRIPTION
Extent iv, 69p.
Dimensions 21cm(pbk)
942 ## - ADDED ENTRY ELEMENTS (KOHA)
Source of classification or shelving scheme Dewey Decimal Classification
Item type English Books
Call number suffix RAO
Classification part 821
Holdings
Withdrawn status Lost status Not for loan Collection code Home library Current library Date acquired Source of acquisition Cost, normal purchase price Full call number Barcode Copy number Cost, replacement price Koha item type
      Non-fiction Vinoba Puri Vinoba Puri 25/07/2023 DBAD/PUB 210.00 821 RAO EN-121105 1 210.00 English Books

© Delhi Public Library
Hit Counter
free hit counter